000
00398nam a2200145Ia 4500
008
100204s9999 xx 000 0 und d
082
_b
4761
100
_a
आपटे हरि नारायण
245
_a
मी
260
_b
"रम्यकथा प्रकाशन , पुणे"
_c
1973 6
300
_a
563
630
_a
मी
730
_a
मी
942
_c
BOOK
999
_c
449450
_d
449447